| 000 | 00527nam a22001937a 4500 | ||
|---|---|---|---|
| 003 | MPLRDC | ||
| 005 | 20220104125515.0 | ||
| 008 | 210129b ||||| |||| 00| 0 eng d | ||
| 020 | _a986-417-128-3 | ||
| 082 | _a363.019 GON | ||
| 100 | _aLARRY GONICK AND MARK WHEELIS | ||
| 245 |
_a看漫画.学遗传 _c师明睿译 |
||
| 250 | _a第一版 | ||
| 260 |
_a台湾 _b天下远见出版股份有限公司 _c2003 |
||
| 300 | _b216 | ||
| 490 | _a科学天地. 47 | ||
| 650 | _a基因与遗传性 | ||
| 942 |
_cBK _o363.019 GON |
||
| 999 |
_c27898 _d27888 |
||